• 首页
  • 本馆介绍
  • 公告通知
  • 最新文献
  • 馆藏检索
  • 电子资源
  • 读者导购
  • 参考咨询
  • 我的图书馆
  • 登录
  • 详细信息显示
  • 放入我的书架
  • 预约/预借图书
  • 作者相关作品
  • 分类相关作品
  • 丛书相关作品
  • 出版社相关作品

书目信息

  • 表格格式
  • 工作单格式
  • 卡片格式
题名:
在原理与形式之间
    
 
作者: 拉索 , 泰斯 著 ;王蔚 , 张早 译
分册:  
出版信息: 武汉   华中科技大学出版社  2018
页数: 266页
开本: 21cm
丛书名: 时间塔
单 册:
中图分类: TU-867.12 , TU-867.12
科图分类:
主题词: 建筑艺术--jian zhu yi shu--艺术评论--美国--现代
电子资源:
ISBN: 978-7-5680-4420-2
000 01101nam 2200325 450
001 1958378044
005 20181106085004.4
010    @a978-7-5680-4420-2@dCNY 68.00
099    @aCAL 012018140264
100    @a20181106d2018 em y0chiy50 ea
101 1  @achi@ceng
102    @aCN@b420000
105    @aak a 000yy
200 1  @a在原理与形式之间@AZai Yuan Li Yu Xing Shi Zhi Jian@e解读赖特的建筑@f(美) 保罗·拉索, 詹姆斯·泰斯著@g王蔚, 张早译
210    @a武汉@c华中科技大学出版社@d2018
215    @a266页@c图@d21cm
225 2  @a时间塔@AShi Jian Ta
320    @a有书目 (第260-262页)
410  0 @12001 @a时间塔
517 1  @a解读赖特的建筑@AJie Du Lai Te De Jian Zhu
600  1 @a赖特@ALaite@g(Wright, Frank Lloyd),@f1867-1959@x建筑艺术@x艺术评论
606 0  @a建筑艺术@Ajian zhu yi shu@x艺术评论@y美国@z现代
690    @aTU-867.12@v5
690    @aTU-867.12@v4
701  1 @a拉索@ALasuo@g(Laseau, Paul)@4著
701  1 @a泰斯@ATaisi@g(Tice, James)@4著
702  0 @a王蔚@AWang Wei@4译
702  0 @a张早@AZhang Zao@4译
801  0 @aCN@bDUTL@c20181106
905    @aBZT@dTU-867.12@e2
    
    在原理与形式之间:解读赖特的建筑/(美) 保罗·拉索, 詹姆斯·泰斯著/王蔚, 张早译.-武汉:华中科技大学出版社,2018
    266页:图;21cm.-(时间塔)
    
    
    ISBN 978-7-5680-4420-2:CNY 68.00
    
●
相关链接 在五车中查询图书 在当当中查询图书 在豆瓣中查询图书


正题名:在原理与形式之间     索取号:TU-867.12/2         预约/预借

序号 登录号 条形码 馆藏地/架位号 状态 备注
1 867121   2000867121   第二书库/ [索取号:TU-867.12/2] 在馆    
2 867122   2000867122   第二书库/ [索取号:TU-867.12/2] 在馆    
3 867123   2000867123   第二书库/ [索取号:TU-867.12/2] 在馆    
山东省滨州职业学院图书馆 欢迎您!
大连网信软件有限公司© 版权所有